000 00538cam a2200193ua 4500
001 587
008 110409n ii |||gr||||Z||||||eng
040 _cMAIN
082 _a320.5
245 1 1 _aRajnaitik tatta aru Socratis, Plato aru Aristotler chintadhara.
_cBy Kripesh Chandra Paul.
250 _a3rd.
260 _aGowahati.:
_bArun prakashan.,995.
300 _axii, 160 p.:6 cm.
653 _aPolitical science.
653 _aRajnaitik tatta.
700 _aPaul, Kripesh Chandra.,
700 _aNayak, Pratul Chandra.,
942 _cBK
999 _c522
_d522